The Bold Type Cast - Statistics

General Stats
  • This quiz has been taken 4 times
  • The average score is 15 of 26
Answer Stats
Actor Answer % Correct
Matt Ward Alex
100%
Melora Hardin Jacqueline Carlyle
100%
Katie Stevens Jane Sloan
100%
Aisha Dee Kat Edison
100%
Sam Page Richard Hunter
100%
Megahnn Fahy Sutton Brady
100%
Nikohl Boosheri Adena El Amin
67%
Adam Capriolo Andrew
67%
Katherine King Mitzi
67%
Stephen Conrad Moore Oliver Grayson
67%
Dan Jeannotte Ryan Decker
67%
Stephanie Costa Sage
67%
Luca James Lee Ben Chau
33%
Ho Chow Carl
33%
Jess Salgueiro Cassie
33%
Siobhan Murphy Cleo Williams
33%
Dalal Badr Firuze
33%
Gildart Jackson Ian Carlyle
33%
Emily Chang Lauren Park
33%
Katerina Tannenbaum Leila
33%
Eva Avila Martha
33%
Ana kayne Mia Lawrence
33%
Tamara Brown Peggy Lilard
33%
Aiza Ntibarikure Taylor Livingston
33%
Hamza Haq Trevor
33%
Rebecca Croll Victoria Johnson
33%
No matching quizzes found
Score Distribution
Percent of People with Each Score
Percentile by Number Answered
Your Score History
You have not taken this quiz